000 00622nam a22001817a 4500
999 _c61858
_d61858
005 20240530111831.0
008 240530s2008 enk||||| |||| 00| 0 eng d
020 _a9780470145104x
041 _aeng
080 _a005.93 R-76
100 _aRonen, Boaz
_922229
245 _aFocused Operations Management :
_bAchieving More with Existing Resources /
_cBoaz Ronen, Shimeon Pass.
264 _aNew Jersey :
_bWiley
_c2008.
300 _a450 p.;
_b24 cm.
653 _aოპერაციების მენეჯმენტი
700 _a Pass, Shimeon
_eავტორი
_922230
942 _2udc
_cᲬᲘᲒᲜᲘ